<?xml version="1.0" encoding="UTF-8"?><?xml-stylesheet type="text/xsl" href="static/style.xsl"?><OAI-PMH xmlns="http://www.openarchives.org/OAI/2.0/" xmlns:xsi="http://www.w3.org/2001/XMLSchema-instance" xsi:schemaLocation="http://www.openarchives.org/OAI/2.0/ http://www.openarchives.org/OAI/2.0/OAI-PMH.xsd"><responseDate>2026-05-17T05:27:10Z</responseDate><request verb="GetRecord" identifier="oai:riubu.ubu.es:10259/8031" metadataPrefix="marc">https://riubu.ubu.es/oai/request</request><GetRecord><record><header><identifier>oai:riubu.ubu.es:10259/8031</identifier><datestamp>2023-11-17T09:15:02Z</datestamp><setSpec>com_10259_7906</setSpec><setSpec>com_10259_5086</setSpec><setSpec>com_10259_2604</setSpec><setSpec>col_10259_8017</setSpec></header><metadata><record xmlns="http://www.loc.gov/MARC21/slim" xmlns:doc="http://www.lyncode.com/xoai" xmlns:xsi="http://www.w3.org/2001/XMLSchema-instance" xmlns:dcterms="http://purl.org/dc/terms/" xsi:schemaLocation="http://www.loc.gov/MARC21/slim http://www.loc.gov/standards/marcxml/schema/MARC21slim.xsd">
<leader>00925njm 22002777a 4500</leader>
<datafield tag="042" ind1=" " ind2=" ">
<subfield code="a">dc</subfield>
</datafield>
<datafield tag="720" ind1=" " ind2=" ">
<subfield code="a">Yela González, Nuria</subfield>
<subfield code="e">author</subfield>
</datafield>
<datafield tag="720" ind1=" " ind2=" ">
<subfield code="a">Santamaría Vázquez, Montserrat</subfield>
<subfield code="e">author</subfield>
</datafield>
<datafield tag="720" ind1=" " ind2=" ">
<subfield code="a">Ortiz Huerta, Juan Hilario</subfield>
<subfield code="e">author</subfield>
</datafield>
<datafield tag="260" ind1=" " ind2=" ">
<subfield code="c">2021-01</subfield>
</datafield>
<datafield tag="520" ind1=" " ind2=" ">
<subfield code="a">The purposes of the study were to identify whether differences exist between Spanish&#xd;
children with ASD and neurotypical development in relation to Activities of Daily Living (ADL),&#xd;
playfulness, and sensory processing; as well as to confirm whether a relation exists between those&#xd;
areas and sensory processing. Study Design: A descriptive cross-sectional study. Methods: Forty&#xd;
children, 20 with a diagnosis of ASD and 20 with neurotypical development, were recruited. The&#xd;
measurement tools used were the Pediatric Evaluation of Disability Inventory (PEDI), Test of Playfulness (ToP), and Sensory Processing Measure (SPM). Results: The sensory processing of children&#xd;
with ASD were related to decreased functional skills performance of ADL (F = 94.4, p = 0.00) and&#xd;
playfulness (p = 0.00) than neurotypical children; in addition, the problems of sensory reactivity&#xd;
were associated with worse development in these occupational areas (p = 0.00 for both Spearman&#xd;
correlations). Conclusions: Children with ASD present worse performance of functional skills and&#xd;
playfulness than neurotypical ones. Likewise, sensory reactivity is related to the development in the&#xd;
occupational areas.</subfield>
</datafield>
<datafield tag="024" ind2=" " ind1="8">
<subfield code="a">http://hdl.handle.net/10259/8031</subfield>
</datafield>
<datafield tag="024" ind2=" " ind1="8">
<subfield code="a">10.3390/children8020061</subfield>
</datafield>
<datafield tag="024" ind2=" " ind1="8">
<subfield code="a">2227-9067</subfield>
</datafield>
<datafield ind1=" " ind2=" " tag="653">
<subfield code="a">Sensory integration</subfield>
</datafield>
<datafield ind1=" " ind2=" " tag="653">
<subfield code="a">Play</subfield>
</datafield>
<datafield ind1=" " ind2=" " tag="653">
<subfield code="a">Daily life</subfield>
</datafield>
<datafield ind1=" " ind2=" " tag="653">
<subfield code="a">Sensory disorders</subfield>
</datafield>
<datafield ind1=" " ind2=" " tag="653">
<subfield code="a">Child</subfield>
</datafield>
<datafield tag="245" ind1="0" ind2="0">
<subfield code="a">Activities of Daily Living, Playfulness and Sensory Processing in Children with Autism Spectrum Disorder: A Spanish Study</subfield>
</datafield>
</record></metadata></record></GetRecord></OAI-PMH>